Criminal offenses by nationals committed abroad. (Record no. 1558)

MARC details
000 -LEADER
fixed length control field 01834cam a2200481 i 4500
001 - CONTROL NUMBER
control field data
005 - DATE AND TIME OF LATEST TRANSACTION
control field 20260322212106.0
006 - FIXED-LENGTH DATA ELEMENTS--ADDITIONAL MATERIAL CHARACTERISTICS
fixed length control field data
007 - PHYSICAL DESCRIPTION FIXED FIELD--GENERAL INFORMATION
fixed length control field data
008 - FIXED-LENGTH DATA ELEMENTS--GENERAL INFORMATION
fixed length control field data
035 ## - SYSTEM CONTROL NUMBER
System control number 22193397
010 ## - LIBRARY OF CONGRESS CONTROL NUMBER
LC control number 2019669907
035 ## - SYSTEM CONTROL NUMBER
System control number (OCoLC)1309082713
040 ## - CATALOGING SOURCE
Original cataloging agency DLC
Language of cataloging eng
Description conventions pn
-- pn
Transcribing agency GPO
Modifying agency DLC
-- OCLCF
-- DLC
042 ## - AUTHENTICATION CODE
Authentication code pcc
074 ## - GPO ITEM NUMBER
GPO item number 0818-J-06 (online)
086 0# - GOVERNMENT DOCUMENT CLASSIFICATION NUMBER
Classification number LC 42.20:C 86/14
088 ## - REPORT NUMBER
Report number LRA-D-PUB-000728
245 00 - TITLE STATEMENT
Title Criminal offenses by nationals committed abroad.
264 #1 - PRODUCTION, PUBLICATION, DISTRIBUTION, MANUFACTURE, AND COPYRIGHT NOTICE
Place of production, publication, distribution, manufacture [Washington, D.C.] :
Name of producer, publisher, distributor, manufacturer The Law Library of Congress, Global Legal Research Directorate,
Date of production, publication, distribution, manufacture, or copyright notice 1998.
300 ## - PHYSICAL DESCRIPTION
Extent 1 online resource (approximately 8 pages)
336 ## - CONTENT TYPE
Content type term text
Content type code txt
Source rdacontent
337 ## - MEDIA TYPE
Media type term computer
Media type code c
Source rdamedia
338 ## - CARRIER TYPE
Carrier type term online resource
Carrier type code cr
Source rdacarrier
500 ## - GENERAL NOTE
General note "July 1998."
500 ## - GENERAL NOTE
General note "LL file no. 1998-2632"
500 ## - GENERAL NOTE
General note "LRA-D-PUB-000728."
504 ## - BIBLIOGRAPHY, ETC. NOTE
Bibliography, etc. note Includes bibliographical references.
505 00 - FORMATTED CONTENTS NOTE
Title United Kingdom /
Statement of responsibility Kersi B. Shroff.
Title France /
Statement of responsibility Nicole Atwill --
Title Spain /
Statement of responsibility Graciela I. Rodriguez-Ferrand --
Title United Kingdom /
Statement of responsibility Kersi B. Shroff.
588 ## - SOURCE OF DESCRIPTION NOTE
Source of description note Description based on online resource; title from PDF cover (Law Library of Congress, viewed Apr. 5, 2022).
650 #0 - SUBJECT ADDED ENTRY--TOPICAL TERM
Topical term or geographic name entry element Criminal law.
650 #0 - SUBJECT ADDED ENTRY--TOPICAL TERM
Topical term or geographic name entry element Noncitizen criminals.
650 #7 - SUBJECT ADDED ENTRY--TOPICAL TERM
Topical term or geographic name entry element Criminal law.
Source of heading or term fast
Authority record control number or standard number (OCoLC)fst00883328
650 #7 - SUBJECT ADDED ENTRY--TOPICAL TERM
Topical term or geographic name entry element Noncitizen criminals.
Source of heading or term fast
Authority record control number or standard number (OCoLC)fst00805053
710 2# - ADDED ENTRY--CORPORATE NAME
Corporate name or jurisdiction name as entry element Law Library of Congress (U.S.).
Subordinate unit Global Legal Research Directorate,
Relator term issuing body.
856 40 - ELECTRONIC LOCATION AND ACCESS
Path llglrd
Electronic name 2019669907
Uniform Resource Identifier <a href="https://hdl.loc.gov/loc.law/llglrd.2019669907">https://hdl.loc.gov/loc.law/llglrd.2019669907</a>
856 40 - ELECTRONIC LOCATION AND ACCESS
Uniform Resource Identifier <a href="https://purl.fdlp.gov/GPO/gpo175665">https://purl.fdlp.gov/GPO/gpo175665</a>
Access status 0
906 ## - LOCAL DATA ELEMENT F, LDF (RLIN)
a 0
b ibc
c orignew
d u
e ncip
f 20
g y-gencatlg
985 ## -
-- llpub
985 ## -
-- ll/glrd/dpub
-- batch7
991 ## -
-- s-Online
-- Electronic Resource
Holdings
Withdrawn status Lost status Damaged status Not for loan Home library Current library Shelving location Date acquired Total checkouts Full call number Barcode Date last seen Price effective from Koha item type
        Liberty Liberty General stacks 22/03/2026   LPL-LOC-00021 LOC-LPL-00021 22/03/2026 22/03/2026 Books